1443 1998 1763 1023 1309 1791 1194 1946 1589 1848 1185 1255 1562 1624 1307 1833 1100 1056 1896 1410 1478 1096 1082 1499 1087 1208 1356 1654 1481 1203 1181 1539 1865 1145 1676 1965 1758 1827 1102 1510 1673 1462 1183 1948 1392 1452 1185 1857 1586 1811 1558 1416 1837 1155 1568 1128 1385 1269 1705 1231 1367 1672 1674 1603 1530 1522 1190 1404 1180 1966 1225 1989 1683 1178 1474 1485 1093 1393 1685 1027 1411 1302 1487 1628 1265 1415 1686 1101 1661 1757 1690 1976 1398 1550 1365 1297 1127 1377 1305 BCNSPRNW ULIB Ver.6.0+V

เปลี่ยนเป็นภาษาไทย

Change to English
 แสดงรายละเอียดบรรณานุกรม
  กลับหน้าหลัก

Brief Record : Get Marc (ISO 2709) : E-mail record : QR code < ปิดหน้าต่าง
LEADER : 00000nam 2200000uu 4500
001    13399115131
003     ULIB
008    120711s2550||||th 000 0 tha d
020    ^a9789748290348
090    ^aนว.^bว617พ 2550
100 0  ^awindy
245 00 ^aพลิกแผนแสบนายแบบที่นาย/^cwindy
250    ^aพิมพ์ครั้งที่ 1
260    ^aกรุงเทพฯ :^bLove berry book,^c2550
945    ^p0^l0^i14458
995    ^aกัณชพร
999    ^aใช้งานได้ทุกระบบ
รายการนี้ยังไม่มีแท็ก
คุณยังไม่ได้ล็อกอิน คุณสามารถมีกิจกรรมร่วมกับเว็บไซต์ได้ แต่ต้องล็อกอินก่อน ::
  ล็อกอิน

รายการสื่อสารสนเทศ

ลำดับที่ ประเภท เลขเรียก/บาร์โค้ด สถานที่ สถานะ
1. นวนิยาย
นวนิยาย
นว. ว617พ 2550  
  Barcode: 14458
ห้องสมุดวิทยาเขตสวรรค์ประชารักษ์
►นวนิยาย
บนชั้น
  ขอยืม

BibComment


ยังไม่เคยถูกคอมเมนท์

คอมเมนท์ทรัพยากรรายการนี้
  คอมเมนท์: พลิกแผนแสบนายแบบ..


 Copyright 2026. Bcnsprnw @Library